000
00283nam a2200097Ia 4500
001
639892
005
20250826153436.0
008
250824s9999 xx 000 0 und d
245
0
_a
BİR YAZ GECESİ RÜYASI ANTİK OKUL KLASİKLERİ
_c
SHAKESPEARE
260
_b
ANTİK DÜNYA KLASİKLERİ
999
_c
639892
_d
639892